10 części mowy - Statystyki

Ogólne statystyki
  • Ten quiz został rozwiązany 213 razy
  • Średni wynik to 8 z 10
Statystyki odpowiedzi
Odp. na pytania Odpowiedzi % Poprawnych
Co robi? Co się z nim dzieje? czasownik
99%
Jaki? Jaka? Jakie? przymiotnik
99%
Kto? Co? rzeczownik
98%
Ile? który z kolei? liczebnik
91%
Jak? Gdzie? Kiedy? przysłówek
81%
np. ja, mój, tyle zaimek
81%
np. z, do, na, w przyimek
74%
np. i, oraz, albo, lecz spójnik
71%
np. by, nie, cóż partykuła
65%
np. bum, hop, hurra wykrzyknik
56%
Nie znaleziono quizów pasujących do podanych kryteriów
Rozkład punktacji
Procent ludzi z każdym wynikiem
Percentyl według liczby udzielonych odpowiedzi
Twoja historia wyników
Nie rozwiązałeś tego quizu